| 000 | 00462nam a22001457a 4500 | ||
|---|---|---|---|
| 003 | MACL | ||
| 005 | 20190528153010.0 | ||
| 008 | 190528b xxu||||| |||| 00| 0 eng d | ||
| 040 | _cMACL | ||
| 100 |
_aसिंह,अमर _970209 |
||
| 245 | _aसम्पूर्ण चिकित्सा कोश | ||
| 260 |
_aलखनऊ _bगंगाेत्री पब्लिकेशन्स _c2018 |
||
| 650 |
_aकोश _975011 |
||
| 942 |
_2ddc _cHIN |
||
| 999 |
_c59884 _d59884 |
||